000 00562nam a2200193 i 4500
001 66098
003 ES-MaACL
005 20230906165538.0
007 t|
008 040127s1973 sp ||||1| cat d
100 1 _aGabriel, Pedro.
_953151
245 1 3 _aEl moviment obrer a Mallorca /
_cper Pere Gabriel.
260 _aBarcelona :
_bLavinia,
_c1973.
300 _a327 p. ;
_c18 cm.
490 1 _aBiblioteca de cultura catalana ;
_v7
830 0 _aBiblioteca de cultura catalana ;
_v7
_9178600
852 _aES-MaACL
_jC-55723
_bR.88277
999 _c66098
_d66098